000 00502nam a2200169 4500
001 116301
003 ES-MaACL
005 20240419063036.0
007 t|
008 061121s1960 sp r ||||1| spa d
100 1 _aOsorio, Guillermo,
_d1918-1982
_987767
245 1 3 _aEl bazar de la niebla
_b: (cuentos oníricos) /
_cGuillermo Osorio.
260 _aMadrid :
_bCultura Clásica y Moderna,
_c1960.
300 _a192 p. ;
_c19 cm.
852 _aES-MaACL
_jC-18968
999 _c116301
_d116301